Antología de la poesía española (1939-1975) / (Registro nro. 10653)
[ vista simple ]
| 000 -LIDER | |
|---|---|
| fixed length control field | 00815nam a22002297a 4500 |
| 003 - IDENTIFICACDOR DE NÚMERO DE CONTROL | |
| control field | DO-SdBNP |
| 005 - DATE AND TIME OF LATEST TRANSACTION | |
| control field | 20240305124302.0 |
| 008 - ELEMENTOS DE LONGITUD FIJA | |
| fixed length control field | 160704b1989 sp | 00| 0 spa d |
| 020 ## - ISBN | |
| International Standard Book Number | 8470395424 |
| 040 ## - FUENTE DE CATALOGACIÓN | |
| Agencia que crea de manera original el registro | BPMSU |
| Idioma de catalogación | spa |
| Agencia que realiza la transcripción | BPMSU |
| 082 #4 - NÚMERO DE CLASIFICACIÓN DECIMAL DE DEWEY | |
| Classification number | 861.08 |
| Item number | A634p 1989 |
| Edition number | 22 |
| 245 00 - MENCIÓN DE TITULO | |
| Título | Antología de la poesía española (1939-1975) / |
| Mención de responsabilidad | José Enrique Martínez |
| 260 ## - PUBLICACIÓN, DISTRIBUCIÓN, ETC. (PIE DE IMPRENTA) | |
| Lugar de publicación, distribución, etc | Madrid : |
| Nombre del editor, distribuidor, etc. | Castalia , |
| Fecha de publicación, distribución, etc | 1989 |
| 300 ## - DESCRIPCIÓN FÍSICA | |
| Extensión | 327 p. ; |
| Dimensiones | 18 cm |
| 500 ## - NOTA GENERAL | |
| Materiales especificados | Cuadros crónologicos, introducción, texto seleccionado, notas y llamadas de atención, documentos y orientaciones para el estudio |
| 590 ## - NOTA LOCAL | |
| Texto de la nota local | Inventariado, 2024/VM |
| 650 #4 - ENCABEZAMIENTO DE MATERIA--TEMÁTICO | |
| Término temático o nombre geográfico como elemento de entrada | Poesías españolas |
| Subdivisión de forma | Colecciones |
| 650 #4 - ENCABEZAMIENTO DE MATERIA--TEMÁTICO | |
| Término temático o nombre geográfico como elemento de entrada | Escritores españoles |
| 700 1# - ASIENTO SECUNDARIO -- NOMBRE PERSONAL | |
| Nombre personal | Martínez, José Enrique |
| Mención de responsabilidad | ed. |
| 910 ## - VALIDACIÓN | |
| Validación | VMateo V. Control de calidad. BPMSU |
| 942 ## - ADDED ENTRY ELEMENTS (KOHA) | |
| Source of classification or shelving scheme | Dewey Decimal Classification |
| Koha item type | Libros |
| Withdrawn status | Lost status | Source of classification or shelving scheme | Damaged status | Not for loan | Collection code | Home library | Current library | Date acquired | Source of acquisition | Total Checkouts | Full call number | Barcode | Date last seen | Price effective from | Koha item type |
|---|---|---|---|---|---|---|---|---|---|---|---|---|---|---|---|
| Dewey Decimal Classification | Colección Dominicana | Biblioteca Pública Metropolitana Salomé Ureña | Biblioteca Pública Metropolitana Salomé Ureña | 07/04/2016 | Donación | BPMSU CG 861.08 A634p 1989 | BPMSU16070026 | 07/04/2016 | 07/04/2016 | Libros |